000 00502cam a22001337a 4500
008 180718b1974 xxu||||| |||| 00| 0 eng d
082 _aH203x54 In2b/1972
100 _aIndia. Joint Committee on the Disturbed Areas (Special Courts), Bill
245 _aThe Disturbed Areas (Special Courts) Bill, 1972: report of the Joint Committee
_cby Lok Sabha Secretariat
260 _aNew Delhi
_bLok Sabha Secretariat
_c1974
300 _a53+p.
500 _aChairman: L.D. Kotki
700 _aKotki, L.D. (Chairman)
999 _c489236
_d489236